000 00585nam a2200229Ia 4500
003 OSt
005 20220918190601.0
006 a|||||r|||| 00| 0
007 ta
008 220917b |||||||| |||| 00| 0 eng d
024 _a57,956
037 _cTextual
040 _aARTS
_cARTS
_beng
041 _2eng
_aeng
082 _aQ1:22:g, L9
100 _aMacdonald K S
_973036
245 0 _aBrahmanas of the vedas
260 _aDelhi
_bBharatiya Book Cop.
_c1979
650 _aRELIGION
942 _hQ1:22:g, L9
_cTEXL
_2CC
999 _c185993
_d185993